LEADER 03137nam2 22004693i 450 001 CAGE005998 005 20170908093312.0 012 $a6I55 e-us e-t: cite (7) 1612 (R)$2fei 100 $a20050202d1612 ||||0itac50 ba 101 | $alat 102 $ade 181 1$6z01$ai $bxxxe 182 1$6z01$an 200 1 $a˜8: Venerabilis Bedae Anglo-Saxonis presbyteri in omni disciplinarum genere sua aetate doctissimi œoperum tomus octauus; continens quaestiones aliquot elegantissimas veteris Testamenti, vna cum doctissimo in Psalmos Dauidicos Commentario recens inuento ... 210 $aColoniae Agrippinae$csumptibus Antonij Hierati, & Ioannis Gymnici$d1612 215 $a[2] c., 968 col., [56] c.$dfol 300 $aCifre e marca di Johann Gymnich (Cavallo marino con scettro e una gru con un serpente nel becco: Discite iusticiam moniti) sul front 300 $aSegn.: °pigreco!2 A-2Q6 2R8 a-h6 i8. 316 $av. 8; legato con il v. 7$5IT-NA0074, SM 6F 00032 316 $av. 8. - Timbro BR Neapolis sul front.$5IT-NA0079, SALA FARN.07. H 0032 461 1$1001BVEE043447$12001 $a˜Venerabilis Bedae presbyteri Anglo-Saxonis viri sua aetate doctissimi, œopera quotquot reperiri potuerunt omnia 620 $dColonia$3RMLL000779 700 0$aBeda : Venerabilis$3CFIV059712$4070$0157888 712 02$aGymnich, Johann$d <4.> & Hierat, Anton <1.>$3TO0V404085$4650 790 0$aBeda$c $3CFIV059713$zBeda : Venerabilis 790 0$aVenerabile Beda$3CFIV156056$zBeda : Venerabilis 790 0$aBède$c $3CFIV206648$zBeda : Venerabilis 790 0$aBède : le Vénérable$3CFIV206649$zBeda : Venerabilis 790 0$aBeda$f $3CFIV282450$zBeda : Venerabilis 790 0$aBeda : il Venerabile$3CFIV289634$zBeda : Venerabilis 791 02$aHierat, Anton <1.> & Gymnich, Johann <4.>$3BVEV093178$zGymnich, Johann <4.> & Hierat, Anton <1.> 791 02$aHierat, Antonius & Gymnicus Joannes$3CFIV315277$zGymnich, Johann <4.> & Hierat, Anton <1.> 801 3$aIT$bIT-NA0079$c20050202 850 $aIT-NA0074$aIT-NA0079 899 1$aBiblioteca Nazionale Vittorio Emanuele III$bNA0079$eS$uhttp://books.google.com/books?vid=IBNN:BNANT001740441 912 $aCAGE005998 950 2$aBiblioteca Provinciale Laurenziana$b1 esemplare (di cui solo i v. 3-8)$cv. 3-8$d 91SM 6F 00032$e 91ANT0000019425 B (0008 v. 8; legato con il v. 7$fZ $h20150324$i20150324 950 2$aBiblioteca Nazionale Vittorio Emanuele III$cv. 8.$d BNSALA FARN.07. H 0032$e BNANT0017404415 B v. 8. - Timbro BR Neapolis sul front.$fC $h20050202$i20050202 956 $aBiblioteca Nazionale Vittorio Emanuele III$b1$c$d$eBNANT001740441$uhttp://books.google.com/books?vid=IBNN:BNANT001740441$z BNSALA FARN.07. H 0032 977 $a 91$a BN 996 $aOperum tomus octauus; continens quaestiones aliquot elegantissimas veteris Testamenti, vna cum doctissimo in Psalmos Dauidicos Commentario recens inuento ..$91485256 997 $aUNISANNIO LEADER 01106nam0-22003131--450- 001 990008235980403321 005 20051215154704.0 010 $a88-387-1879-2 020 $aIT$b2002-3087 035 $a000823598 035 $aFED01000823598 035 $a(Aleph)000823598FED01 035 $a000823598 100 $a20051129d2001----km-y0itay50------ba 101 0 $aita 102 $aIT 105 $ay---n----00yy 200 1 $a<>Testo unico in materia di beni culturali e ambientali : tutela, valorizzazione e godimento dei beni culturali e ambientali$eatti del Convegno nazionale, Gubbio, 26-27 novembre 1999$fa cura di Sergio Matteini Chiari ... \et al.! 210 $aRimini$cMaggioli$d2001 215 $a213 p.$d24 cm 676 $a344.4509$v21$zita 702 1$aMatteini Chiari,$bSergio 801 0$aIT$bUNINA$gRICA$2UNIMARC 901 $aBK 912 $a990008235980403321 952 $aSCUOLA D 38$b436$fDDA 959 $aDDA 996 $aTesto unico in materia di beni culturali e ambientali : tutela, valorizzazione e godimento dei beni culturali e ambientali$9737693 997 $aUNINA LEADER 01161nam 2200325Ia 450 001 996397343703316 005 20200824132700.0 035 $a(CKB)4940000000061781 035 $a(EEBO)2240932687 035 $a(OCoLC)ocm38160733e 035 $a(OCoLC)38160733 035 $a(EXLCZ)994940000000061781 100 $a19980106d1633 uy | 101 0 $aeng 135 $aurbn||||a|bb| 200 14$aThe purple island, or, The isle of man$b[electronic resource] $etogether with Piscatorie eclogs and other poeticall miscellanies /$fby P.F 210 $a[Cambridge] $cPrinted by the Printers to the Universitie of Cambridge$d1633 215 $a[14], 181, [7], 130, [2] p 300 $a"The Piscatorie eclogs" and "Elisa" each have special title- page. 300 $aSignatures: [par.]?, 2[par.]?, A-Z?, A-R? 300 $aReproduction of original in: Harvard University. Library. 330 $aeebo-0062 700 $aFletcher$b Phineas$f1582-1650.$0203739 801 0$bEBK 801 1$bEBK 801 2$bWaOLN 906 $aBOOK 912 $a996397343703316 996 $aThe purple island, or, The isle of man$92368987 997 $aUNISA LEADER 01129nam2 22003011i 450 001 UON00425561 005 20231205104845.710 010 $a27-381-0096-1 100 $a20130529d1991 |0itac50 ba 101 $afre 102 $aFR 105 $a|||| 1|||| 200 1 $aˆ2.: ‰Auto-bio-graphie$fGeorges Gusdorf 210 $aParis$cOdile Jacob$d1991 215 $a504 p.$d24 cm. 461 1$1001UON00425557$12001 $aLignes de vie$fGeorges Gusdorf$1210 $aParis$cOdile Jacob$d1991$1215 $a2 v.$d24 cm.$v2 606 $aAutobiografie e memorie$3UONC019122$2FI 606 $aSCRITTURA$3UONC051852$2FI 620 $aFR$dParis$3UONL002984 676 $a801.95$cCritica letteraria$v21 700 1$aGusdorf$bGeorges$3UONV062014$00 712 $aOdile Jacob$3UONV260921$4650 801 $aIT$bSOL$c20250627$gRICA 899 $aSIBA - SISTEMA BIBLIOTECARIO DI ATENEO$2UONSI 912 $aUON00425561 950 $aSIBA - SISTEMA BIBLIOTECARIO DI ATENEO$dSI X 201 $eSI LO 49438 5 201 $sBuono 996 $aAuto-bio-graphie$91184935 997 $aUNIOR